Nét độc đáo trong thế giới nghệ thuật thơ Nguyễn Bính
Nguyễn Bính – thi sĩ “chân quê”. Những hình tượng đặc sắc trong thơ Nguyễn Bính. Nét đặc sắc trong nghệ thuật thể hiện thơ Nguyễn Bính
Đã lưu trong:
| Príomhúdar: | |
|---|---|
| Údair Eile: | |
| Formáid: | Leabhar |
| Teanga: | Vietnamese |
| Foilsithe: |
Đà Nẵng
Đại học Sư phạm, Đại học Đà Nẵng
2013
|
| Ábhair: | |
| Clibeanna: |
Cuir Clib Leis
Gan Chlibeanna, Bí ar an gcéad duine leis an taifead seo a chlibeáil!
|
| Thư viện lưu trữ: | Mạng thư viện Đại học Đà Nẵng |
|---|
| LEADER | 01671nam a2200385 4500 | ||
|---|---|---|---|
| 001 | 000019029 | ||
| 003 | 15464 | ||
| 005 | 20140313150357.0 | ||
| 008 | 140227s2013 viesd | ||
| 041 | |a vie | ||
| 072 | |a VH | ||
| 082 | 1 | 4 | |a 895.92213 |b TR-S |
| 100 | 1 | |a Trịnh Thị Thu Sang | |
| 245 | 1 | 0 | |a Nét độc đáo trong thế giới nghệ thuật thơ Nguyễn Bính |c Trịnh Thị Thu Sang ; Nguyễn Phong Nam hướng dẫn |k Khóa luận tốt nghiệp |
| 260 | |a Đà Nẵng |b Đại học Sư phạm, Đại học Đà Nẵng |c 2013 | ||
| 300 | |a 77 tr. |c 29 cm. | ||
| 500 | |a Khóa luận tốt nghiệp đại học. Chuyên ngành: Sư phạm Ngữ văn | ||
| 520 | |a Nguyễn Bính – thi sĩ “chân quê”. Những hình tượng đặc sắc trong thơ Nguyễn Bính. Nét đặc sắc trong nghệ thuật thể hiện thơ Nguyễn Bính | ||
| 600 | 1 | 4 | |a Nguyễn Bính |d 1918-1966 |
| 650 | 0 | 4 | |a Thơ Việt Nam |v Khóa luận tốt nghiệp |x Nguyễn Bính |
| 653 | |a Thơ Việt Nam | ||
| 653 | |a Thế giới nghệ thuật | ||
| 653 | |a Khoa Ngữ văn | ||
| 653 | |a Văn học Việt Nam | ||
| 700 | 1 | |a Nguyễn Phong Nam |c PGS.TS |e Hướng dẫn | |
| OWN | |a LSP | ||
| AVA | |a UDN50 |b LSP |d 895.92213 TR-S |e available |t Error 5001 Not defined in file expand_doc_bib_avail. |f 1 |g 0 |h N |i 0 |k 1 | ||
| 999 | |a From the UDN01 | ||
| AVA | |a UDN50 |b LSP |d 895.92213 TR-S |e available |t Error 5001 Not defined in file expand_doc_bib_avail. |f 1 |g 0 |h N |i 0 |k 1 | ||
| TYP | |a Monograph | ||
| TYP | |a Printed language | ||
| 980 | |a Mạng thư viện Đại học Đà Nẵng | ||